000 00288nam a2200109Ia 4500
008 200302s9999 xx 000 0 und d
100 _aMichael J. Crobie
245 _aCenter Book Reinventing American Architecture
260 _bRockport Publishers Inc.
260 _c1993
300 _a191 P.,
999 _c1934
_d1934